Southville International School and Colleges
Your cart is empty.
  • Cart
  • Lists
    Public lists list_1 View all
    Your lists Log in to create your own lists
  • Log in to your account
  • Your cookies
  • Search history
Southville International School and Colleges
  • Advanced search
  • Recent comments
  • Most popular
  • Libraries

Log in to your account

Log in with GOOGLE


If you do not have an external account, but do have a local account, you can still log in:

  1. Home
  2. MARC view: The dancing men /
Normal view MARC view ISBD view

The dancing men / (Record no. 11232)

[ view plain ]
MARC details
000 -LEADER
fixed length control field 00715cam a2200265 a 4500
001 - CONTROL NUMBER
control field 971158
003 - CONTROL NUMBER IDENTIFIER
control field OSt
005 - DATE AND TIME OF LATEST TRANSACTION
control field 20140310182245.0
008 - FIXED-LENGTH DATA ELEMENTS--GENERAL INFORMATION
fixed length control field 851118r1986 nyu 000 1 eng
010 ## - LIBRARY OF CONGRESS CONTROL NUMBER
LC control number 85027275
020 ## - INTERNATIONAL STANDARD BOOK NUMBER
International Standard Book Number 9780006171997
040 ## - CATALOGING SOURCE
Original cataloging agency DLC
Transcribing agency DLC
Modifying agency DLC
050 00 - LIBRARY OF CONGRESS CALL NUMBER
Classification number PR 6061.Y4
Item number .K99 1986
082 00 - DEWEY DECIMAL CLASSIFICATION NUMBER
Classification number FIC
Item number K98d 1985
100 1# - MAIN ENTRY--PERSONAL NAME
Personal name Kyle, Duncan.
9 (RLIN) 19432
245 14 - TITLE STATEMENT
Title The dancing men /
Statement of responsibility, etc Duncan Kyle.
260 ## - PUBLICATION, DISTRIBUTION, ETC. (IMPRINT)
Place of publication, distribution, etc Great Britain :
Name of publisher, distributor, etc FontanaCollins,
Date of publication, distribution, etc c1986.
300 ## - PHYSICAL DESCRIPTION
Extent 256 p. ;
Dimensions 18 cm.
541 ## - IMMEDIATE SOURCE OF ACQUISITION NOTE
-- 1
562 ## - COPY AND VERSION IDENTIFICATION NOTE
Number of copies 1
650 ## - SUBJECT ADDED ENTRY--TOPICAL TERM
Topical term or geographic name as entry element Fiction
9 (RLIN) 746
655 #7 - INDEX TERM--GENRE/FORM
Genre/form data or focus term Adventure stories.
Source of term gsafd
9 (RLIN) 2927
906 ## - LOCAL DATA ELEMENT F, LDF (RLIN)
a 7
b cbc
c orignew
d 1
e ocip
f 19
g y-gencatlg
942 ## - ADDED ENTRY ELEMENTS (KOHA)
Source of classification or shelving scheme Library of Congress Classification
Koha item type
Holdings
Withdrawn status Lost status Source of classification or shelving scheme Damaged status Home library Current library Shelving location Date acquired Total Checkouts Full call number Barcode Date last seen Copy number Price effective from Koha item type
    Library of Congress Classification   Luxembourg Library Luxembourg Library Fiction Section 09/13/2013   PR 6061.Y4 .K99 1986 6955 09/13/2013 1 09/13/2013 Books

The dancing men /

APA

Kyle D., . (1986). The dancing men. Great Britain: FontanaCollins.

Chicago

Kyle Duncan, . 1986. The dancing men. Great Britain: FontanaCollins.

Harvard

Kyle D., . (1986). The dancing men. Great Britain: FontanaCollins.

MLA

Kyle Duncan, . The dancing men. Great Britain: FontanaCollins. 1986.

  • Place hold
  • Print
  • Cite
  • Add to your cart (remove)
  • Save record
    BIBTEX Dublin Core MARCXML MARC (non-Unicode/MARC-8) MARC (Unicode/UTF-8) MARC (Unicode/UTF-8, Standard) MODS (XML) RIS
  • More searches
    Search for this title in:
    Other Libraries (WorldCat) Other Databases (Google Scholar) Online Stores (Bookfinder.com) Open Library (openlibrary.org)

Exporting to Dublin Core...

SOUTHVILLE LIBRARY

Southville International School and Colleges Library

1281 Tropical Ave. Cor. Luxembourg St., BF Homes International, Las Pinas City

Tel. No. 8256374 / 252358 Loc. 117/146

Powered by Koha